00491 2200181 4500001002100000005001500021008004100036020002200077035001900099041000700118082001000125090001600135100002300151245004100174260004500215300003400260650001500294INLIS00000000000974220241224113858241224||||||||| | ||| |||| || |  a978-979-27-4689-1 0010-1224009742 aid0 a066.6 a066.6 JUB m0 aJubilee Enterprise00aMS Office 2007 untuk Event Organizer aJakartabPT. Elex Media Komputindoc2009 a21x14 cm, x, 292 hlm.; ilus.: 0aKarya Umum